Filosofía de San Agustín
Wedi'i Gadw mewn:
| Prif Awdur: | |
|---|---|
| Fformat: | Llyfr |
| Iaith: | Sbaeneg |
| Cyhoeddwyd: |
Madrid
Biblioteca de Autores Cristianos
2012
|
| Rhifyn: | 1a. ed |
| Cyfres: | Estudios y Ensayos. Filosofía y Ciencias, 139
|
| Pynciau: | |
| Tagiau: |
Ychwanegu Tag
Dim Tagiau, Byddwch y cyntaf i dagio'r cofnod hwn!
|
MARC
| LEADER | 00000cam a2200000 a 4500 | ||
|---|---|---|---|
| 001 | UCD9432 | ||
| 003 | CL-VaPUC | ||
| 008 | 170616e20120000sp |||||||||||||||||spa|d | ||
| 020 | |a 9788422016144 | ||
| 082 | 0 | 4 | |a 189.2 |b BLA |2 21 |
| 100 | 0 | |a Blázquez Fernández, Niceto |e author |9 593131 | |
| 245 | 1 | 0 | |a Filosofía de San Agustín |
| 250 | |a 1a. ed | ||
| 300 | |a 299 p | ||
| 942 | |c BK | ||
| 945 | |d 20170616 21:05:00 |a arojas | ||
| 260 | |a Madrid |b Biblioteca de Autores Cristianos |c 2012 | ||
| 600 | 0 | |a San Agustín de Hipona |x Teólogo y filósofo cristiano |9 311590 | |
| 650 | 0 | |a Filosofía medieval |9 256245 | |
| 650 | 0 | |a Filosofía cristiana |9 265980 | |
| 583 | |a last modification |c 20170616 21:05:00 |k Rodrigo Vera | ||
| 490 | 0 | |a Estudios y Ensayos. Filosofía y Ciencias, 139 | |
| 999 | |c 368623 |d 368621 | ||
| 952 | |0 0 |1 0 |3 erb |4 0 |6 189_200000000000000_BLA_2012 |7 0 |8 A |9 483991 |a BIBTEO |b BIBTEO |i 5398959 |l 2 |m 6 |o 189.2 BLA 2012 |p 5398959 |r 2025-05-07 |s 2025-05-07 |w 2019-11-24 |y BK |z Catalogado en:20170616 |k ICR | ||